[Event "Tournoi Skype 016A"]
[Site "Skype"]
[Date "????.??.??"]
[Round "4.15"]
[White "Yardimci, Ertan"]
[Black "Karia, Vijay"]
[Result "0-1"]
[WhiteElo "1494"]
[BlackElo "1687"]
[PlyCount "113"]

1. e4 d5 2. exd5 Qxd5 3. Nc3 Qa5 4. d4 c6 5. Bd3 Nf6 6. Nge2 Nbd7 7. O-O e6 8.
a3 b5 9. Rb1 Bd6 10. b4 Qc7 11. h3 O-O 12. Ne4 Nxe4 13. Bxe4 Nf6 14. Bf3 Bb7
15. Bg5 Nd5 16. Qd2 f6 17. Be3 Rfe8 18. Nc3 Nxc3 19. Qxc3 a6 20. Qd3 Rad8 21.
Rbd1 e5 22. Qb3+ Kh8 23. dxe5 Bxe5 24. c4 Bc8 25. cxb5 cxb5 26. Bc5 Be6 27. Qb1
Bc3 28. Rxd8 Rxd8 29. Rd1 Bc8 30. Rxd8+ Qxd8 31. Qb3 Be5 32. Bd5 h6 33. Bf3 Qd2
34. Kf1 Qc1+ 35. Ke2 Qb2+ 36. Qxb2 Bxb2 37. Bc6 Bxa3 38. Kd3 g5 39. g4 Kg7 40.
f3 Kf7 41. Ke4 Be6 42. Bd5 a5 43. Bxe6+ Kxe6 44. Kd4 axb4 45. Bxb4 Bxb4 46. Kd3
Kd5 47. Kc2 Kd4 48. Kb3 Ke3 49. Kxb4 Kxf3 50. Kxb5 Kg3 51. Kc4 Kxh3 52. Kd4
Kxg4 53. Ke3 Kg3 54. Ke4 h5 55. Kf5 h4 56. Kxf6 h3 57. Kxg5 0-1

[Event "Tournoi Skype 016A"]
[Site "Skype"]
[Date "????.??.??"]
[Round "4.16"]
[White "Korkmaz, Serdar"]
[Black "Casey, Eamonn"]
[Result "0-1"]
[WhiteElo "1449"]
[BlackElo "1753"]
[PlyCount "70"]

1. e4 e6 2. Nf3 d5 3. e5 Ne7 4. d4 c5 5. c3 Nbc6 6. Bd3 Bd7 7. O-O cxd4 8. cxd4
Nb4 9. Be2 Rc8 10. a3 Nc2 11. Ra2 Ba4 12. Nbd2 Qb6 13. b4 Nf5 14. Bb2 Be7 15.
Bd3 O-O 16. Bxf5 exf5 17. Qb1 Bb5 18. Rd1 Bd3 19. Nb3 Qb5 20. Nc5 Nxb4 21. Nxd3
Nxa2 22. Qxa2 Rc2 23. a4 Qc4 24. Qa1 Qb3 25. Nfe1 Rc4 26. Nc5 Bxc5 27. dxc5
Rxa4 28. Qc1 Rc4 29. Qa1 Rxc5 30. Ba3 Ra5 31. Rd3 Qa4 32. Qc3 Re8 33. Bd6 Qa1
34. Qd2 Ra2 35. Qe3 f4 0-1

[Event "Tournoi Skype 016A"]
[Site "Skype"]
[Date "????.??.??"]
[Round "4.17"]
[White "Malbec, Robert"]
[Black "Murgia, Stefano"]
[Result "0-1"]
[WhiteElo "1525"]
[BlackElo "1666"]
[PlyCount "51"]

1. e4 c5 2. Nf3 d6 3. d4 cxd4 4. Nxd4 Nf6 5. Nc3 g6 6. Be3 a6 7. Qd2 Nbd7 8.
Be2 Bg7 9. Bh6 Bxh6 10. Qxh6 Ne5 11. h3 Be6 12. Nxe6 fxe6 13. O-O Rg8 14. Qg5
Qb6 15. Rab1 O-O-O 16. Rfd1 h6 17. Qxh6 g5 18. Na4 Qc6 19. Nc3 g4 20. hxg4
Nexg4 21. Bxg4 Rxg4 22. f3 Qb6+ 23. Kf1 Rg3 24. Ne2 Rgg8 25. Nf4 Rh8 26. Nxe6
0-1

[Event "Tournoi Skype 016A"]
[Site "Skype"]
[Date "????.??.??"]
[Round "4.18"]
[White "Galani, Mahendra"]
[Black "Perez Fermin, Jose"]
[Result "0-1"]
[WhiteElo "1507"]
[BlackElo "1639"]
[PlyCount "134"]

1. e4 c5 2. c3 Nf6 3. e5 Nd5 4. Bc4 Nb6 5. Bb5 Nc6 6. Nf3 a6 7. Be2 d6 8. exd6
Qxd6 9. h3 e5 10. d3 Be7 11. Qb3 Nd5 12. c4 Nf6 13. Nc3 O-O 14. Be3 Nd4 15.
Nxd4 exd4 16. Ne4 Nxe4 17. dxe4 dxe3 18. Qxe3 Bf6 19. Rd1 Bd4 20. Qf3 Qe5 21.
b3 Bc3+ 22. Kf1 Bd4 23. g3 f5 24. exf5 Bxf5 25. Qd5+ Be6 26. Qxe5 Bxe5 27. f4
Bd4 28. Kg2 Rf6 29. Rhe1 Raf8 30. Bf3 b6 31. Re4 Bf5 32. Re7 Bc3 33. Bd5+ Kh8
34. Rc1 Bd4 35. Rce1 Rd6 36. Re8 Rd8 37. Bc6 Rdxe8 38. Bxe8 Bf6 39. Bc6 h6 40.
Rd1 Be7 41. Re1 Rf6 42. Bb7 Re6 43. Rxe6 Bxe6 44. Bxa6 Bf5 45. Bb5 Bb1 46. a3
Bc2 47. Ba4 Bf6 48. Kf3 Bd4 49. Ke2 Kh7 50. Kd2 Bb1 51. Kc1 Be4 52. b4 cxb4 53.
axb4 Bf2 54. g4 Be3+ 55. Kd1 Bxf4 56. Ke2 Kg6 57. Be8+ Kg5 58. c5 bxc5 59. bxc5
Kh4 60. c6 Kxh3 61. Bd7 Kg3 62. Ke1 Bf3 63. g5 hxg5 64. Kf1 g4 65. Be8 Kh2 66.
Kf2 Bd5 67. c7 Bxc7 0-1

[Event "Tournoi Skype 016A"]
[Site "Skype"]
[Date "????.??.??"]
[Round "4.19"]
[White "Aranzubia, Desiderio"]
[Black "Aceituno, Stebe"]
[Result "1-0"]
[WhiteElo "1491"]
[BlackElo "1626"]
[PlyCount "75"]

1. d4 Nf6 2. c4 g6 3. Nc3 Bg7 4. Bf4 d6 5. Qd2 O-O 6. Bh6 Nbd7 7. Bxg7 Kxg7 8.
Nf3 c5 9. e3 cxd4 10. exd4 e5 11. dxe5 Nxe5 12. Be2 Re8 13. O-O Qc7 14. b3 Bg4
15. Nb5 Qc5 16. Qxd6 Nxf3+ 17. Bxf3 Qxd6 18. Nxd6 Bxf3 19. Nxe8+ Rxe8 20. gxf3
Nh5 21. Rfe1 Re6 22. Rxe6 fxe6 23. Rd1 Nf4 24. Rd7+ Kf6 25. Rxb7 Ne2+ 26. Kf1
Nd4 27. Rxa7 Nxf3 28. Rxh7 Ng5 29. Rd7 Ne4 30. a4 Nc5 31. Rc7 Nxb3 32. c5 Na5
33. c6 Ke5 34. Rc8 Kd6 35. c7 Nc4 36. a5 Nxa5 37. Ra8 Kxc7 38. Rxa5 1-0

[Event "Tournoi Skype 016A"]
[Site "Skype"]
[Date "????.??.??"]
[Round "4.20"]
[White "L'Herbon De Lussats, Jean"]
[Black "Trivedi, Viral"]
[Result "0-1"]
[WhiteElo "1507"]
[BlackElo "1587"]
[PlyCount "76"]

1. c4 e5 2. e4 Nf6 3. Nc3 Bb4 4. d3 c6 5. Nf3 d6 6. Qc2 Qb6 7. a3 Bc5 8. b4 Bd4
9. Bb2 Ng4 10. Nxd4 exd4 11. Na4 Qc7 12. Bxd4 O-O 13. c5 dxc5 14. bxc5 Na6 15.
Rc1 b5 16. cxb6 axb6 17. Bxb6 Qf4 18. f3 Nxh2 19. Be2 Qh4+ 20. Bf2 Nxf3+ 21.
Bxf3 Qxh1+ 22. Ke2 Qh6 23. Nb6 Rb8 24. e5 c5 25. Nd5 Re8 26. d4 cxd4 27. Bxd4
Be6 28. Be3 Qg6 29. Be4 Qh5+ 30. Kd2 Bxd5 31. Bxd5 Qxe5 32. Qd3 Rbd8 33. Qxa6
Qxe3+ 34. Kc2 Rc8+ 35. Bc6 Qc5+ 36. Kb1 Rb8+ 37. Ka2 Qf2+ 38. Ka1 Qb2# 0-1

[Event "Tournoi Skype 016A"]
[Site "Skype"]
[Date "????.??.??"]
[Round "4.21"]
[White "Bendre, Pankaj"]
[Black "Meaney, Mike"]
[Result "1-0"]
[WhiteElo "1570"]
[BlackElo "1491"]
[PlyCount "97"]

1. e4 c5 2. Nf3 e6 3. d4 cxd4 4. Nxd4 Nc6 5. Nc3 Bc5 6. Be3 d6 7. Bb5 Qb6 8.
Bxc6+ bxc6 9. Na4 Qb4+ 10. c3 Qb7 11. O-O Bxd4 12. Bxd4 e5 13. Be3 Qe7 14. c4
Ba6 15. b3 Nf6 16. Bg5 h6 17. Bxf6 Qxf6 18. Re1 O-O 19. Qc2 Rfd8 20. Rad1 Qe6
21. h3 Bc8 22. c5 d5 23. Nb2 d4 24. Nc4 Bd7 25. a3 Qg6 26. Kh2 f6 27. Nd6 Be6
28. b4 Bd5 29. Nf5 Kf7 30. exd5 Kf8 31. dxc6 Rac8 32. Qe4 a6 33. Qf3 Rc7 34.
Nd6 Rb8 35. Qd5 Ra8 36. Re4 Rb8 37. Rg4 Qh5 38. Rd3 Rd8 39. Rf3 Rf7 40. Qe6 Re7
41. Qc4 Ra8 42. Rf5 Qxg4 43. hxg4 Rb8 44. Qxa6 Rc7 45. Qd3 g5 46. Rxf6+ Ke7 47.
Qg6 Rf8 48. Qg7+ Kd8 49. Qxf8# 1-0

[Event "Tournoi Skype 016A"]
[Site "Skype"]
[Date "????.??.??"]
[Round "4.22"]
[White "Solak, Yusuf"]
[Black "Grib, Johannes"]
[Result "1-0"]
[WhiteElo "1552"]
[BlackElo "1472"]
[PlyCount "59"]

1. e4 e5 2. Nf3 Nc6 3. Bb5 d6 4. c3 Nf6 5. O-O a6 6. Ba4 Nxe4 7. d4 b5 8. Bb3
exd4 9. Bd5 Bb7 10. Bxe4 dxc3 11. Nxc3 Be7 12. Nd4 Nxd4 13. Bxb7 Nf5 14. Bc6+
Kf8 15. Bxa8 Qxa8 16. Qd5 Qxd5 17. Nxd5 c6 18. Nxe7 Kxe7 19. Bf4 d5 20. Rfe1+
Kd7 21. Re5 Nd4 22. Rae1 Ne6 23. Bg3 d4 24. f4 g6 25. f5 Re8 26. fxe6+ Rxe6 27.
Rxe6 fxe6 28. Kf2 Ke7 29. Kf3 c5 30. Ke4 1-0

[Event "Tournoi Skype 016A"]
[Site "Skype"]
[Date "????.??.??"]
[Round "4.23"]
[White "Antonic, Nenad"]
[Black "Grimwood, Robert"]
[Result "1/2-1/2"]
[WhiteElo "1545"]
[BlackElo "1420"]
[PlyCount "51"]

1. d4 d5 2. Nf3 Nf6 3. e3 e6 4. Bd3 Be7 5. Nbd2 Nbd7 6. O-O c5 7. c3 b6 8. e4
dxe4 9. Nxe4 Bb7 10. Re1 O-O 11. c4 Rc8 12. Bg5 Nxe4 13. Bxe7 Qxe7 14. Bxe4
Bxe4 15. Rxe4 Rfd8 16. d5 Nf6 17. Re2 h6 18. Qe1 Rd6 19. dxe6 Rxe6 20. Rxe6
Qxe6 21. Qxe6 fxe6 22. Rd1 Kf8 23. Ne5 Ke8 24. Ng6 Rd8 25. Rxd8+ Kxd8 26. f3
1/2-1/2

[Event "Tournoi Skype 016A"]
[Site "Skype"]
[Date "????.??.??"]
[Round "4.24"]
[White "Duthoit, Bernard"]
[Black "Holtz, Steve"]
[Result "1-0"]
[WhiteElo "1476"]
[BlackElo "1545"]
[PlyCount "63"]

1. e4 e5 2. d4 exd4 3. c3 dxc3 4. Bc4 cxb2 5. Bxb2 Bb4+ 6. Nc3 Nf6 7. Qb3 Bxc3+
8. Bxc3 O-O 9. e5 Ne4 10. Bb2 Nc6 11. Nf3 Ng5 12. O-O Nxf3+ 13. Qxf3 b6 14.
Rad1 Bb7 15. Bb5 Qc8 16. Qg3 g6 17. Qh4 Re8 18. Rfe1 h5 19. Qg5 Kh7 20. Bc4 Qd8
21. Qxd8 Raxd8 22. f4 Ne7 23. Bxf7 Rf8 24. e6 dxe6 25. Bxe6 Nc6 26. g3 Rfe8 27.
f5 Rxd1 28. Rxd1 g5 29. Rd7+ Kh6 30. Rxc7 Na5 31. Rg7 Rd8 32. Rg6+ 1-0

[Event "Tournoi Skype 016A"]
[Site "Skype"]
[Date "????.??.??"]
[Round "4.25"]
[White "Colak, Remzi"]
[Black "Kruzeniski, Randy"]
[Result "1-0"]
[WhiteElo "1465"]
[BlackElo "1549"]
[PlyCount "123"]

1. d4 f5 2. c4 Nf6 3. Nc3 e6 4. e3 Be7 5. g3 O-O 6. Bg2 c6 7. Nge2 d5 8. cxd5
cxd5 9. O-O a6 10. Bd2 b5 11. a3 Bb7 12. Qb3 Bc6 13. f3 g5 14. e4 fxe4 15. fxe4
h6 16. e5 Nh7 17. Qc2 Qe8 18. Rxf8+ Nxf8 19. Na2 a5 20. b4 a4 21. Nac1 Qg6 22.
Qxg6+ Nxg6 23. Nd3 Nd7 24. Bh3 Ngf8 25. Nc5 Nxc5 26. bxc5 Bd8 27. Nc1 Ba5 28.
Bxa5 Rxa5 29. Nd3 Ra7 30. Nb4 Rc7 31. Rf1 Bd7 32. Rf6 Kg7 33. Kf1 h5 34. Ke1 g4
35. Bf1 Nh7 36. Rf2 Ng5 37. Bg2 Be8 38. Nd3 Bf7 39. Nf4 Rc8 40. Kd1 Rc6 41. Kc2
Rc8 42. Kc3 Kf8 43. Ng6+ Kg7 44. Nf4 Kf8 45. Nxh5 Ke7 46. Nf6 Rh8 47. Bh1 Bg6
48. Kb4 Rb8 49. Nxg4 Bd3 50. Nf6 Rf8 51. Nxd5+ exd5 52. Rxf8 Kxf8 53. Bxd5 Ke7
54. h4 Ne6 55. Bxe6 Kxe6 56. h5 Kd5 57. g4 Kxd4 58. c6 Bc4 59. h6 Bd5 60. h7
Bxc6 61. h8=Q Kd3 62. e6 1-0

[Event "Tournoi Skype 016A"]
[Site "Skype"]
[Date "????.??.??"]
[Round "4.26"]
[White "Tripathi, Rajnikant"]
[Black "Rochette, Mathieu"]
[Result "0-1"]
[WhiteElo "1544"]
[BlackElo "1516"]
[PlyCount "60"]

1. d4 d5 2. e4 e6 3. e5 c5 4. c3 Nc6 5. Bb5 Bd7 6. Bxc6 Bxc6 7. Nf3 Be7 8. Nbd2
f6 9. exf6 Nxf6 10. Qe2 Bd7 11. Ne5 O-O 12. Nb3 Rc8 13. O-O a6 14. Re1 Ne4 15.
f3 Bb5 16. Qc2 Nd6 17. dxc5 Nf5 18. Nd3 Rc6 19. Kh1 Bxd3 20. Qxd3 Qd7 21. Nd4
Nxd4 22. cxd4 Rf5 23. g4 Rf6 24. Bg5 Rg6 25. Bxe7 Qxe7 26. Re5 Rh6 27. Rae1 Qh4
28. Qe2 Kf7 29. Qg2 Ke7 30. Rh5 Qxe1+ 0-1

[Event "Tournoi Skype 016A"]
[Site "Skype"]
[Date "????.??.??"]
[Round "4.27"]
[White "Gharbi, Said"]
[Black "Fouquereau, Andre"]
[Result "1-0"]
[WhiteElo "1511"]
[BlackElo "1590"]
[PlyCount "77"]

1. e4 e5 2. d4 exd4 3. c3 d6 4. cxd4 c6 5. Bc4 Be7 6. Nf3 Nf6 7. e5 Nd5 8. Bxd5
cxd5 9. Qb3 Qc7 10. O-O Be6 11. Bg5 Nc6 12. Bf4 O-O 13. Nc3 a6 14. Nxd5 Bxd5
15. Qxd5 Rad8 16. e6 f6 17. Rac1 Qa5 18. Qxa5 Nxa5 19. Rc7 Rfe8 20. b4 Nc6 21.
Rxb7 d5 22. Rb6 Rc8 23. b5 Nb4 24. bxa6 Nxa6 25. Rxa6 Rc2 26. Ra5 Rec8 27. Rxd5
Rxa2 28. Rd7 Kf8 29. Bd6 Bxd6 30. Rxd6 Re2 31. d5 Ke7 32. Rd7+ Ke8 33. Rxg7 Rc5
34. d6 Rxe6 35. Re1 Rxe1+ 36. Nxe1 Kd8 37. Rxh7 Rd5 38. d7 Rd6 39. h4 1-0

[Event "Tournoi Skype 016A"]
[Site "Skype"]
[Date "????.??.??"]
[Round "5.1"]
[White "Donmez, Unal"]
[Black "Ayotte, Jocelyn"]
[Result "0-1"]
[WhiteElo "1937"]
[BlackElo "2107"]
[PlyCount "66"]

1. d4 d5 2. c4 e6 3. Nf3 Nf6 4. e3 c6 5. Nc3 Bd6 6. Bd2 Nbd7 7. b3 O-O 8. Bd3
e5 9. dxe5 Nxe5 10. Nxe5 Bxe5 11. Rc1 Re8 12. cxd5 cxd5 13. h3 d4 14. Ne2 dxe3
15. Bxe3 Nd5 16. Bd2 Bf4 17. O-O Qg5 18. Nxf4 Nxf4 19. Bxf4 Qxf4 20. Rc4 Qg5
21. Qc2 Bxh3 22. Bxh7+ Kh8 23. Be4 Rad8 24. f4 Qg4 25. Bf3 Qg3 26. Bxb7 Re1 27.
Bf3 Rxf1+ 28. Kxf1 Qxf3+ 29. Kg1 Qe3+ 30. Kh2 Be6 31. Re4 Rd2 32. Qc6 Qf3 33.
Rxe6 Rxg2+ 0-1

[Event "Tournoi Skype 016A"]
[Site "Skype"]
[Date "????.??.??"]
[Round "5.2"]
[White "Dal, Ibrahim"]
[Black "Deniz, Ugur"]
[Result "1/2-1/2"]
[WhiteElo "1704"]
[BlackElo "1918"]
[PlyCount "100"]

1. d4 Nf6 2. Nf3 e6 3. c4 b6 4. g3 Bb7 5. Bg2 Bb4+ 6. Bd2 Be7 7. O-O O-O 8. Bg5
h6 9. Bxf6 Bxf6 10. Nc3 c5 11. e4 d6 12. e5 dxe5 13. dxe5 Be7 14. Qc2 Nc6 15.
Rad1 Qb8 16. Rfe1 Rd8 17. a3 a6 18. Na4 Qc7 19. Nc3 Rac8 20. Nd5 exd5 21. cxd5
Nd4 22. Nxd4 cxd4 23. Qxc7 Rxc7 24. d6 Bxd6 25. exd6 Rxd6 26. Bxb7 Rxb7 27. Rd3
Rc7 28. Re8+ Kh7 29. Re2 Kg6 30. f4 Rc1+ 31. Kg2 Rb1 32. g4 b5 33. h4 Kf6 34.
Red2 a5 35. h5 Ke6 36. Kf2 f5 37. Rg3 fxg4 38. Rxg4 Kf7 39. Kf3 Rh1 40. Rdg2
Rxh5 41. Rxg7+ Ke6 42. R2g6+ Kd5 43. Rxd6+ Kxd6 44. Ke4 Rh2 45. Kxd4 Rxb2 46.
Rg6+ Ke7 47. Rxh6 Rf2 48. Kc5 b4 49. axb4 axb4 50. Kxb4 Rxf4+ 1/2-1/2

[Event "Tournoi Skype 016A"]
[Site "Skype"]
[Date "????.??.??"]
[Round "5.3"]
[White "Sojka, Bernard"]
[Black "Rico Hernandez, Edgar"]
[Result "1-0"]
[WhiteElo "1968"]
[BlackElo "1872"]
[PlyCount "57"]

1. Nc3 Nf6 2. e4 d6 3. d4 g6 4. f4 Bg7 5. Nf3 O-O 6. Bd3 Nbd7 7. e5 dxe5 8.
dxe5 Ne8 9. Be3 c6 10. Qe2 Qc7 11. O-O-O Nb6 12. Bd2 Be6 13. Ng5 Qc8 14. Nxe6
Qxe6 15. Kb1 Nc7 16. g4 Ncd5 17. Ne4 Qc8 18. c4 Nc7 19. h4 Ne6 20. h5 Nd4 21.
Qf2 Ne6 22. hxg6 fxg6 23. Qh4 h6 24. g5 h5 25. Ng3 Qe8 26. f5 gxf5 27. Nxf5
Bxe5 28. Nh6+ Kg7 29. Qe4 1-0

[Event "Tournoi Skype 016A"]
[Site "Skype"]
[Date "????.??.??"]
[Round "5.4"]
[White "Elias, Roberto"]
[Black "Deville, Olivier"]
[Result "1-0"]
[WhiteElo "1847"]
[BlackElo "1945"]
[PlyCount "77"]

1. e4 c5 2. c4 Nc6 3. Nc3 g6 4. g3 Bg7 5. Bg2 d6 6. d3 Rb8 7. Nge2 Bd7 8. Rb1
a6 9. a4 Qc8 10. O-O h5 11. h4 Bg4 12. Be3 Nd4 13. f3 Bh3 14. Bf2 Bxg2 15. Kxg2
e6 16. Nxd4 cxd4 17. Ne2 e5 18. b4 b5 19. Qb3 Ne7 20. Rfc1 Bh6 21. Rc2 Qb7 22.
cxb5 axb5 23. a5 O-O 24. Ra1 Rfc8 25. a6 Qa8 26. a7 Rb7 27. Rxc8+ Nxc8 28. Qd5
Nxa7 29. Qxd6 Qe8 30. f4 exf4 31. Bxd4 Nc6 32. Bc3 f3+ 33. Kxf3 Rd7 34. Ra8 Nd8
35. Qf6 Rxd3+ 36. Kf2 Be3+ 37. Ke1 Kf8 38. Qh8+ Ke7 39. Bf6+ 1-0

[Event "Tournoi Skype 016A"]
[Site "Skype"]
[Date "????.??.??"]
[Round "5.5"]
[White "Lambert, Pierre"]
[Black "Jacquelin, Norbert"]
[Result "1-0"]
[WhiteElo "1830"]
[BlackElo "1924"]
[PlyCount "93"]

1. e4 e5 2. Nf3 d6 3. d4 exd4 4. Nxd4 Nf6 5. Nc3 Be7 6. Bc4 O-O 7. O-O c5 8.
Nde2 Nc6 9. Bg5 Ne5 10. Bxf6 Bxf6 11. Bd5 Qe7 12. Ng3 Rd8 13. Re1 g6 14. Qd2
Bg5 15. f4 Bh6 16. Nge2 Qh4 17. Qe3 Ng4 18. Qg3 Qxg3 19. hxg3 a6 20. Nc1 Ra7
21. Nd3 b5 22. Rad1 Bg7 23. e5 Re7 24. exd6 Bd4+ 25. Kh1 Rxe1+ 26. Rxe1 Ne3 27.
Ne5 Be6 28. Bxe6 fxe6 29. Ne4 Nxc2 30. Re2 Nb4 31. a3 Bxe5 32. fxe5 Nd3 33. Ng5
h6 34. Nxe6 Rd7 35. Nf4 Nxf4 36. gxf4 Kf8 37. Kg1 c4 38. Kf2 Ke8 39. g4 a5 40.
Ke3 Rd8 41. Rh2 b4 42. axb4 axb4 43. Rxh6 c3 44. bxc3 b3 45. Rh8+ Kd7 46. Rxd8+
Kxd8 47. Kd3 1-0

[Event "Tournoi Skype 016A"]
[Site "Skype"]
[Date "????.??.??"]
[Round "5.7"]
[White "Brun, Jacques"]
[Black "Plourde, Alain"]
[Result "0-1"]
[WhiteElo "1804"]
[BlackElo "1886"]
[PlyCount "53"]

1. e4 e6 2. d4 d5 3. Nc3 dxe4 4. Nxe4 Bd7 5. Bg5 Be7 6. Qd2 Bxg5 7. Qxg5 Qxg5
8. Nxg5 Nf6 9. N5f3 Bc6 10. Ne5 O-O 11. O-O-O Rd8 12. f3 Nbd7 13. Nxc6 bxc6 14.
Bd3 Nd5 15. g3 N7b6 16. c3 a5 17. f4 a4 18. Ne2 Ne3 19. Rd2 Nbc4 20. Bxc4 Nxc4
21. Rd3 Rdb8 22. Rf3 Rxb2 23. Kd1 Rb1+ 24. Nc1 Rb2 25. Rd3 Rab8 26. Re1 Rxh2
27. Re2 0-1

[Event "Tournoi Skype 016A"]
[Site "Skype"]
[Date "????.??.??"]
[Round "5.8"]
[White "Altinok, Selim"]
[Black "Janssen, Gerard"]
[Result "1/2-1/2"]
[WhiteElo "1854"]
[BlackElo "1761"]
[PlyCount "126"]

1. d4 d5 2. Nf3 e6 3. c4 Nf6 4. Nc3 c5 5. cxd5 Nxd5 6. e4 cxd4 7. Nxd5 exd5 8.
exd5 Qxd5 9. Qxd4 Qe6+ 10. Qe3 Bb4+ 11. Bd2 Nc6 12. Bc4 Qxe3+ 13. fxe3 O-O 14.
Bxb4 Nxb4 15. Nd4 a6 16. a3 b5 17. Be2 Nd5 18. Bf3 Be6 19. Nxe6 fxe6 20. Ke2
Rac8 21. Rac1 g6 22. Rhd1 Rxc1 23. Rxc1 Nb6 24. Rc6 Nc4 25. Rxe6 Rd8 26. b3
Nxa3 27. Rxa6 Nb1 28. Rb6 Kg7 29. Rb7+ Kh6 30. Bc6 Rd2+ 31. Kf3 Nc3 32. Bxb5
Nxb5 33. Rxb5 g5 34. Rc5 g4+ 35. Kxg4 Rxg2+ 36. Kh3 Re2 37. Rc3 Kg5 38. Kg3 h5
39. h4+ Kf5 40. Kf3 Rh2 41. Rc4 Rh3+ 42. Ke2 Ke5 43. b4 Kd6 44. Kd3 Rh1 45. Kc2
Rh2+ 46. Kc3 Rh3 47. Kd3 Rh1 48. Ke2 Rh2+ 49. Kf3 Rh3+ 50. Kf2 Rh2+ 51. Kg3 Re2
52. Kf4 Rg2 53. Kf5 Rg3 54. Re4 Kd5 55. Rf4 Rxe3 56. Kg6 Ke5 57. Rf5+ Ke6 58.
Rxh5 Re4 59. b5 Rg4+ 60. Kh7 Kf7 61. Rf5+ Ke6 62. Rh5 Kf7 63. Rf5+ Ke6 1/2-1/2

[Event "Tournoi Skype 016A"]
[Site "Skype"]
[Date "????.??.??"]
[Round "5.9"]
[White "Karia, Vijay"]
[Black "Altinok, Kerim"]
[Result "1-0"]
[WhiteElo "1687"]
[BlackElo "1817"]
[PlyCount "110"]

1. e4 c6 2. d4 d5 3. exd5 cxd5 4. Bd3 Nf6 5. Bf4 Qb6 6. Bc1 Bg4 7. f3 Bh5 8.
Ne2 Nc6 9. c3 Bg6 10. Nf4 Bxd3 11. Qxd3 e6 12. Nd2 Bd6 13. Ne2 O-O 14. Nb3 Qc7
15. f4 Ne4 16. Ng3 f5 17. c4 Nb4 18. Qe2 Qxc4 19. Rb1 Qxe2+ 20. Kxe2 Nxa2 21.
Be3 Nb4 22. Rbc1 Rfc8 23. Nc5 Nxc5 24. dxc5 Be7 25. Rc3 Bf6 26. Rb3 Na6 27. Rc1
d4 28. Bf2 Rxc5 29. Rd1 Rc2+ 30. Kf1 Nc5 31. Rb5 Rd8 32. Nh5 Ne4 33. Nxf6+ gxf6
34. Be3 b6 35. Rxd4 Rxd4 36. Bxd4 Kf7 37. Rb4 Ke7 38. Ra4 Rc7 39. Ke1 Kd6 40.
Be3 e5 41. g4 Nc5 42. fxe5+ Kxe5 43. Bf4+ Ke6 44. Rd4 Rd7 45. Rxd7 Nxd7 46.
gxf5+ Kxf5 47. Bg3 Ke4 48. Ke2 f5 49. Bf2 f4 50. Bh4 Nc5 51. Bf2 Nd3 52. b3
Nxf2 53. Kxf2 f3 54. b4 a5 55. bxa5 bxa5 1-0

[Event "Tournoi Skype 016A"]
[Site "Skype"]
[Date "????.??.??"]
[Round "5.11"]
[White "Hervais, Adrien"]
[Black "Perez Fermin, Jose"]
[Result "1-0"]
[WhiteElo "1999"]
[BlackElo "1639"]
[PlyCount "49"]

1. e4 c5 2. Nf3 e6 3. c3 Nf6 4. e5 Nd5 5. d4 a6 6. c4 Nb6 7. a3 cxd4 8. b4 d6
9. exd6 g6 10. Qxd4 f6 11. Nc3 Nc6 12. Qd1 Bg7 13. c5 Nd7 14. Qb3 Nde5 15. Na4
Nxf3+ 16. Qxf3 Nd4 17. Qd1 e5 18. Nb6 Rb8 19. Bc4 Bd7 20. Bb2 Ne6 21. Qd5 Kf7
22. a4 Re8 23. b5 Bf8 24. Rd1 g5 25. O-O 1-0

[Event "Tournoi Skype 016A"]
[Site "Skype"]
[Date "????.??.??"]
[Round "5.12"]
[White "Segura Lozano, Marcos Antonio"]
[Black "Bendre, Pankaj"]
[Result "1-0"]
[WhiteElo "1807"]
[BlackElo "1570"]
[PlyCount "51"]

1. e4 c5 2. Nf3 d6 3. d4 cxd4 4. Nxd4 Nf6 5. Nc3 g6 6. Bc4 Bg7 7. Bb3 O-O 8. f3
Bd7 9. Bg5 Nc6 10. Be3 Qa5 11. Qd2 Ne5 12. O-O-O Rfc8 13. Kb1 Nc4 14. Qd3 Ne5
15. Qd2 Nc4 16. Qd3 Ne5 17. Qd2 Nc4 18. Qe1 e5 19. Bxc4 Rxc4 20. Nb3 Qc7 21. g4
a6 22. Qd2 Ne8 23. Nd5 Qc6 24. Na5 Qb5 25. Nxc4 Qxc4 26. Nb6 1-0

[Event "Tournoi Skype 016A"]
[Site "Skype"]
[Date "????.??.??"]
[Round "5.14"]
[White "Casey, Eamonn"]
[Black "Solak, Yusuf"]
[Result "0-1"]
[WhiteElo "1753"]
[BlackElo "1552"]
[PlyCount "148"]

1. d4 Nf6 2. c4 d5 3. Nc3 c6 4. cxd5 cxd5 5. Bg5 e6 6. Nf3 Be7 7. e3 O-O 8. Bd3
b6 9. O-O Ba6 10. Bxa6 Nxa6 11. a3 Nc7 12. Rc1 Nd7 13. Bf4 Ne8 14. Nb5 a6 15.
Nc7 Ra7 16. Nxe8 Rxe8 17. Qc2 Ra8 18. Qc6 b5 19. Qb7 Nf8 20. Ne5 Qb8 21. Qxb8
Raxb8 22. Nc6 Rb7 23. Na5 Ra7 24. Rc6 Ng6 25. Bg3 h5 26. h3 h4 27. Bh2 Kf8 28.
Rfc1 Kg8 29. Rc8 Ra8 30. Rxa8 Rxa8 31. Rc6 Kh7 32. Nb7 Nf8 33. Nc5 b4 34. axb4
a5 35. b5 Bxc5 36. dxc5 Nd7 37. b6 Ra6 38. Rc7 Nxc5 39. Rxc5 Rxb6 40. Be5 Ra6
41. Rb5 f6 42. Bc3 a4 43. Rb7 Kh6 44. Rb4 Kh5 45. Rg4 a3 46. bxa3 Rxa3 47. Bb4
Ra4 48. Bf8 Ra1+ 49. Kh2 g5 50. Be7 Rf1 51. Bxf6 Rxf2 52. Bxg5 e5 53. Bxh4 Re2
54. Bg5 e4 55. Bf4 Rf2 56. Rg5+ Kh4 57. Rxd5 Rxg2+ 58. Kh1 Kxh3 59. Rh5+ Kg4
60. Rg5+ Kf3 61. Rh5 Rg6 62. Rh3+ Kf2 63. Bh2 Ra6 64. Bg1+ Ke2 65. Rh2+ Kf3 66.
Rf2+ Kg3 67. Rf4 Rh6+ 68. Bh2+ Rxh2+ 69. Kg1 Re2 70. Kf1 Rxe3 71. Rf8 Rf3+ 72.
Rxf3+ Kxf3 73. Ke1 Ke3 74. Kd1 Kf2 0-1

[Event "Tournoi Skype 016A"]
[Site "Skype"]
[Date "????.??.??"]
[Round "5.15"]
[White "Mulrooney, Justin"]
[Black "Saponara, Jose Maria"]
[Result "1-0"]
[WhiteElo "1705"]
[BlackElo "1520"]
[PlyCount "65"]

1. d4 Nf6 2. c4 e6 3. Nf3 b6 4. Nc3 Bb7 5. e3 Bb4 6. Be2 O-O 7. O-O Bxc3 8.
bxc3 d6 9. Qc2 Nbd7 10. Nd2 c5 11. f4 Re8 12. Bf3 Qc7 13. e4 e5 14. fxe5 dxe5
15. d5 Ba6 16. Be2 Reb8 17. a4 Bc8 18. Qd1 Qd6 19. Kh1 Rb7 20. Bg4 Nxg4 21.
Qxg4 Nf8 22. Qg3 Bd7 23. Nf3 f6 24. Nh4 Ng6 25. Nxg6 hxg6 26. Qxg6 Be8 27. Qf5
Bd7 28. Qh5 Be8 29. Qh4 Kf7 30. Qh7 Bd7 31. Bg5 f5 32. exf5 Rf8 33. f6 1-0

[Event "Tournoi Skype 016A"]
[Site "Skype"]
[Date "????.??.??"]
[Round "5.16"]
[White "Murgia, Stefano"]
[Black "Aranzubia, Desiderio"]
[Result "1-0"]
[WhiteElo "1666"]
[BlackElo "1491"]
[PlyCount "62"]

1. e4 c5 2. Nf3 Nc6 3. d4 cxd4 4. Nxd4 Nf6 5. Nc3 Qc7 6. Be3 a6 7. Be2 b5 8.
Nxc6 dxc6 9. O-O Bb7 10. Bf3 e5 11. a4 b4 12. Na2 c5 13. c3 a5 14. cxb4 axb4
15. Qc2 Be7 16. Nxb4 O-O 17. Rfc1 Rfc8 18. Na2 Ra6 19. Nc3 c4 20. Be2 Rc6 21.
Nd5 Nxd5 22. exd5 Rd6 23. Qxc4 Qxc4 24. Bxc4 Bxd5 25. Bxd5 Rxc1+ 26. Rxc1 Rxd5
27. Rc8+ Bd8 28. Kf1 Kf8 29. Bb6 Ke7 30. Rxd8 Rxd8 31. Bxd8+ Kxd8 1-0

[Event "Tournoi Skype 016A"]
[Site "Skype"]
[Date "????.??.??"]
[Round "5.17"]
[White "Engstrom, Olle"]
[Black "Duthoit, Bernard"]
[Result "1-0"]
[WhiteElo "1654"]
[BlackElo "1476"]
[PlyCount "31"]

1. e4 e6 2. d4 d5 3. Nd2 dxe4 4. Nxe4 Nf6 5. Nxf6+ Qxf6 6. Nf3 Bd6 7. Bg5 Qg6
8. Bd3 Qh5 9. h3 b6 10. g4 Qxg5 11. Nxg5 h5 12. Qf3 hxg4 13. Qxf7+ Kd8 14. Qxg7
Rf8 15. Nf7+ Ke8 16. Bg6 1-0

[Event "Tournoi Skype 016A"]
[Site "Skype"]
[Date "????.??.??"]
[Round "5.18"]
[White "Coruble, Didier"]
[Black "Antonic, Nenad"]
[Result "1-0"]
[WhiteElo "1406"]
[BlackElo "1545"]
[PlyCount "71"]

1. b3 Nf6 2. Bb2 d5 3. e3 Nc6 4. d3 e5 5. c3 Bf5 6. Qc2 Bd6 7. Nd2 O-O 8. h3
Re8 9. g4 Be6 10. b4 a6 11. a3 d4 12. O-O-O dxc3 13. Bxc3 b5 14. Bg2 Bd7 15.
Nb3 Rb8 16. Ne2 Ne7 17. e4 Bc8 18. Na5 Nd7 19. d4 f6 20. d5 c5 21. dxc6 Nb6 22.
Nb7 Bxb7 23. cxb7 Rxb7 24. f4 exf4 25. e5 fxe5 26. Bxb7 Qb8 27. Be4 Na4 28. Ba1
Rc8 29. Nc3 Qc7 30. Rd3 Nc6 31. Rhd1 Nd4 32. Qa2+ Kh8 33. Kd2 f3 34. Rf1 Nxc3
35. Rxc3 Qxc3+ 36. Bxc3 1-0